[Event "European Blitz Championship 2021"]
[Site "Katowice"]
[Date "2021.12.17"]
[Round "6.21"]
[White "Danielyan, Vahe"]
[Black "Sanz Wawer, Daniel"]
[Result "1/2-1/2"]
[WhiteElo "2332"]
[BlackElo "2102"]
[Annotator "ChessBase"]
[PlyCount "74"]
[EventDate "2021.12.17"]
[EventType "swiss"]
[EventCountry "POL"]
[SourceTitle "playchess.com"]
[Source "ChessBase"]
[SourceQuality "1"]

1. e4 c6 2. Nc3 d5 3. Nf3 Bg4 4. Be2 Nf6 5. exd5 cxd5 6. d4 e6 7. O-O Bd6 8. h3
Bh5 9. Nb5 Be7 10. Bf4 Na6 11. c3 O-O 12. a4 Ne4 13. Nd2 Bxe2 14. Qxe2 Nd6 15.
Nb3 Nc7 16. Nxc7 Qxc7 17. Rfe1 Qc4 18. Qc2 Nf5 19. Nd2 Qc6 20. Qd3 Bd6 21. Bxd6
Nxd6 22. a5 Nc4 23. Nxc4 dxc4 24. Qg3 Rad8 25. Re5 Rd5 26. Rxd5 Qxd5 27. Qc7
Qb5 28. Re1 Qxb2 29. Qxc4 Qa3 30. Rb1 Qxa5 31. Rxb7 Qa1+ 32. Kh2 a5 33. Ra7 Qc1
34. Rxa5 Qf4+ 35. Kg1 Qc1+ 36. Kh2 Qf4+ 37. Kg1 Qc1+ 1/2-1/2

[Event "European Blitz Championship 2021"]
[Site "Katowice"]
[Date "2021.12.17"]
[Round "6.21"]
[White "Kulesza, Andrzej"]
[Black "Wisniewski, Adrian"]
[Result "0-1"]
[WhiteElo "1740"]
[BlackElo "2351"]
[Annotator "ChessBase"]
[PlyCount "90"]
[EventDate "2021.12.17"]
[EventType "swiss"]
[EventCountry "POL"]
[SourceTitle "playchess.com"]
[Source "ChessBase"]
[SourceQuality "1"]

1. e4 d6 2. Nf3 Nf6 3. Nc3 g6 4. Bc4 Bg7 5. O-O O-O 6. e5 Ng4 7. e6 fxe6 8. Ng5
d5 9. Qxg4 dxc4 10. Qxc4 Qd7 11. d3 h6 12. Nh3 g5 13. f4 g4 14. Nf2 h5 15. Nfe4
Nc6 16. Ng5 Qd4+ 17. Qxd4 Nxd4 18. Rf2 c6 19. Kf1 Bf6 20. Nge4 b6 21. Be3 Nf5
22. Bd2 Ba6 23. Re1 Kf7 24. Ng5+ Bxg5 25. fxg5 Rfd8 26. Ne4 h4 27. Rf4 c5 28.
b3 Bb7 29. Rxg4 Kg6 30. Nf2 Rd6 31. Nh3 Kh5 32. Rc4 Kg6 33. Nf4+ Kf7 34. g6+
Kg7 35. Nxe6+ Kxg6 36. Rg4+ Kf7 37. Ng5+ Ke8 38. Rf4 Nd4 39. c3 Nb5 40. Rxh4
Kd7 41. Rh3 Rf8+ 42. Kg1 Rg8 43. Rg3 Rdg6 44. h4 Nd6 45. c4 Nf5 0-1

[Event "European Blitz Championship 2021"]
[Site "Katowice"]
[Date "2021.12.17"]
[Round "6.22"]
[White "Kjartansson, Gudmundur"]
[Black "Sutbas, Batuhan"]
[Result "1-0"]
[WhiteElo "2382"]
[BlackElo "1965"]
[Annotator "RC"]
[PlyCount "101"]
[EventDate "2021.12.17"]
[EventType "swiss"]
[EventCountry "POL"]
[SourceTitle "playchess.com"]
[Source "ChessBase"]
[SourceQuality "1"]

1. Nf3 Nc6 2. c4 e6 3. g3 d5 4. Bg2 Be7 5. O-O h5 6. h4 Nf6 7. b3 Ng4 8. d3 Bf6
9. d4 dxc4 10. e3 cxb3 11. axb3 O-O 12. Nc3 g6 13. Ba3 Re8 14. Rc1 Bd7 15. Ne4
Bg7 16. Nfg5 Ne7 17. Nc5 Bc6 18. Nxb7 Bxb7 19. Bxb7 Rb8 20. Be4 Nd5 21. Qc2 Bf6
22. Nxf7 Kxf7 23. Bxg6+ Kg8 24. Bxh5 Ndxe3 25. Qg6+ Bg7 26. fxe3 Nxe3 27. Qf7+
Kh8 28. Qxe8+ Qxe8 29. Bxe8 Rxe8 30. Rf4 Rb8 31. Rxc7 Nd5 32. Rxg7 Nxf4 33.
Rxa7 Ne2+ 34. Kf2 Nxd4 35. Bb2 e5 36. Bxd4 exd4 37. Rd7 Rxb3 38. Rxd4 Kg7 39.
Kg2 Kg6 40. Kh3 Ra3 41. Rb4 Rc3 42. Rb6+ Kh5 43. Rb5+ Kg6 44. h5+ Kh6 45. Kh4
Ra3 46. Rb6+ Kh7 47. g4 Ra5 48. h6 Rc5 49. g5 Rc4+ 50. Kh5 Rc1 51. g6+ 1-0

[Event "European Blitz Championship 2021"]
[Site "Katowice"]
[Date "2021.12.17"]
[Round "6.22"]
[White "Sliwicki, Damian"]
[Black "Vetoshko, Volodymyr"]
[Result "0-1"]
[WhiteElo "2151"]
[BlackElo "2525"]
[Annotator "RC"]
[PlyCount "62"]
[EventDate "2021.12.17"]
[EventType "swiss"]
[EventCountry "POL"]
[SourceTitle "playchess.com"]
[Source "ChessBase"]
[SourceQuality "1"]

1. e4 c5 2. Nf3 e6 3. d4 cxd4 4. Nxd4 Nc6 5. Nc3 a6 6. Nb3 Nf6 7. Bd3 b5 8. O-O
Bb7 9. a3 d6 10. f4 Be7 11. Qf3 O-O 12. Qh3 g6 13. f5 exf5 14. exf5 Ne5 15. Bh6
Re8 16. fxg6 hxg6 17. Kh1 Nfg4 18. Be4 d5 19. Bf3 Nxh6 20. Qxh6 Nxf3 21. Rxf3
Bg5 22. Qh3 d4 23. Rd3 Qe7 24. Rf1 dxc3 25. Rd7 Bc8 26. Rxe7 Bxh3 27. Rxe8+
Rxe8 28. gxh3 cxb2 29. Rb1 Bf6 30. Nc5 Rc8 31. Nd7 Bg7 0-1

[Event "European Blitz Championship 2021"]
[Site "Katowice"]
[Date "2021.12.17"]
[Round "6.23"]
[White "Lubczynski, Rafal"]
[Black "Kohut, Anna"]
[Result "1-0"]
[WhiteElo "2361"]
[BlackElo "1954"]
[Annotator "ChessBase"]
[PlyCount "33"]
[EventDate "2021.12.17"]
[EventType "swiss"]
[EventCountry "POL"]
[SourceTitle "playchess.com"]
[Source "ChessBase"]
[SourceQuality "1"]

1. d4 f5 2. Bg5 g6 3. Nc3 Bg7 4. e4 d6 5. exf5 Bxf5 6. Bd3 Qd7 7. Nf3 Nc6 8.
O-O O-O-O 9. d5 Nb8 10. Nb5 Rf8 11. Nxa7+ Kd8 12. Bb5 c6 13. Be2 Qc7 14. Nd4
Nf6 15. Bf3 Ne4 16. Bxe4 Bxe4 17. Ne6+ 1-0

[Event "European Blitz Championship 2021"]
[Site "Katowice"]
[Date "2021.12.17"]
[Round "6.23"]
[White "Rozman, Monika"]
[Black "Gumularz, Szymon"]
[Result "0-1"]
[WhiteElo "2144"]
[BlackElo "2533"]
[Annotator "RC"]
[PlyCount "72"]
[EventDate "2021.12.17"]
[EventType "swiss"]
[EventCountry "POL"]
[SourceTitle "playchess.com"]
[Source "ChessBase"]
[SourceQuality "1"]

1. e4 d6 2. d4 Nf6 3. Nc3 e5 4. dxe5 dxe5 5. Qxd8+ Kxd8 6. Nf3 Bd6 7. Bg5 Nbd7
8. Bc4 Ke8 9. O-O-O a6 10. Rhe1 h6 11. Bh4 b5 12. Bb3 Bb7 13. Nd5 Nxd5 14. exd5
Kf8 15. Bg3 Re8 16. c3 g6 17. Nd2 f5 18. f3 Nc5 19. Nf1 Kg7 20. Bf2 Re7 21. Kc2
Rhe8 22. h4 e4 23. Bd4+ Kh7 24. Ne3 Nd3 25. Rf1 Nf4 26. Bf6 Rf7 27. Bd4 Ne2 28.
fxe4 Rxe4 29. Rf3 Rfe7 30. Nf1 Nxd4+ 31. cxd4 Rxh4 32. Rd2 h5 33. Ne3 Rhe4 34.
Kd3 a5 35. a3 Ba6 36. Kc2 Rxe3 0-1

[Event "European Blitz Championship 2021"]
[Site "Katowice"]
[Date "2021.12.17"]
[Round "6.24"]
[White "Dragnev, Valentin"]
[Black "Koziorowicz, Michal"]
[Result "1/2-1/2"]
[WhiteElo "2548"]
[BlackElo "2094"]
[Annotator "RC"]
[PlyCount "147"]
[EventDate "2021.12.17"]
[EventType "swiss"]
[EventCountry "POL"]
[SourceTitle "playchess.com"]
[Source "ChessBase"]
[SourceQuality "1"]

1. e4 c5 2. Nf3 d6 3. d4 cxd4 4. Nxd4 Nf6 5. Nc3 g6 6. Be2 Bg7 7. O-O O-O 8.
Re1 Nc6 9. Be3 Bd7 10. Nxc6 Bxc6 11. Bf3 Nd7 12. Bd4 Ne5 13. Be2 Qa5 14. a3
Rac8 15. f4 Nd7 16. b4 Bxd4+ 17. Qxd4 Qb6 18. Qxb6 Nxb6 19. Bd3 Rfd8 20. a4 Bd7
21. Nd5 Nxd5 22. exd5 Kf8 23. a5 Bf5 24. Rac1 Rc3 25. Bxf5 gxf5 26. g3 Rdc8 27.
Re2 R3c4 28. c3 Rxc3 29. Rce1 R8c7 30. Rd2 Rc2 31. Ree2 Rxd2 32. Rxd2 Rc4 33.
Rb2 Ke8 34. Kf2 Rd4 35. a6 bxa6 36. Ra2 Rxb4 37. Rxa6 Rb7 38. h3 Kd7 39. g4
fxg4 40. hxg4 e6 41. Ke3 Ke7 42. Kd4 Rb4+ 43. Ke3 exd5 44. Rxa7+ Ke6 45. Ra8
Re4+ 46. Kf3 Rb4 47. Rh8 Rb3+ 48. Kf2 Rh3 49. Re8+ Kf6 50. Rd8 Ke7 51. Ra8 d4
52. Ra7+ Ke6 53. Ra4 d3 54. Rd4 h5 55. gxh5 Rh2+ 56. Kg3 Rxh5 57. Rxd3 Rc5 58.
Kg4 d5 59. Ra3 Rc6 60. Ra4 Kd6 61. Kf5 Kc5 62. Ra7 f6 63. Ra5+ Kc4 64. Ra4+ Kb3
65. Rd4 Rd6 66. Rxd5 Rxd5+ 67. Kxf6 Kc4 68. f5 Rd1 69. Ke6 Kc5 70. f6 Re1+ 71.
Kd7 Rf1 72. Ke7 Re1+ 73. Kd7 Rf1 74. Ke7 1/2-1/2

[Event "European Blitz Championship 2021"]
[Site "Katowice"]
[Date "2021.12.17"]
[Round "6.26"]
[White "Karolczuk, Iwo"]
[Black "Nasuta, Grzegorz"]
[Result "0-1"]
[WhiteElo "2093"]
[BlackElo "2377"]
[Annotator "RC"]
[PlyCount "52"]
[EventDate "2021.12.17"]
[EventType "swiss"]
[EventCountry "POL"]
[SourceTitle "playchess.com"]
[Source "ChessBase"]
[SourceQuality "1"]

1. d4 d5 2. Nf3 e6 3. c4 c6 4. e3 Nf6 5. Nbd2 Nbd7 6. b3 Bd6 7. Bb2 b6 8. Bd3
Bb7 9. O-O O-O 10. Ne5 c5 11. f4 Ne4 12. Nxd7 Qxd7 13. Nxe4 dxe4 14. Bc2 Rad8
15. Qe2 Qe7 16. Rad1 f5 17. g3 Bc6 18. Rd2 cxd4 19. Bxd4 Bb4 20. Rdd1 Rd7 21.
Be5 Rfd8 22. Rxd7 Rxd7 23. Rd1 Bc5 24. Kf2 a5 25. Rxd7 Qxd7 26. Qd2 Qxd2+ 0-1

[Event "European Blitz Championship 2021"]
[Site "Katowice"]
[Date "2021.12.17"]
[Round "6.26"]
[White "Paczka, Patryk"]
[Black "Balacek, Tadeas"]
[Result "1-0"]
[WhiteElo "1909"]
[BlackElo "2312"]
[Annotator "ChessBase"]
[PlyCount "67"]
[EventDate "2021.12.17"]
[EventType "swiss"]
[EventCountry "POL"]
[SourceTitle "playchess.com"]
[Source "ChessBase"]
[SourceQuality "1"]

1. e4 a5 2. d4 b6 3. Nf3 Bb7 4. Bd3 e6 5. O-O d6 6. c4 Nd7 7. Nc3 g6 8. Qe2 Bg7
9. Bg5 Ne7 10. Rac1 h6 11. Be3 g5 12. c5 Ng6 13. cxd6 cxd6 14. Nb5 Nf6 15. Nc7+
Kf8 16. Nxa8 Qxa8 17. Rc7 Bxe4 18. Bxe4 Qxe4 19. Qa6 Kg8 20. Qa7 g4 21. Rxf7
Nh5 22. Nd2 Qd5 23. Rc1 Nh4 24. Qb7 Qxa2 25. Rc8+ Kh7 26. Rxh8+ Kxh8 27. Qe4
Nf6 28. Qb7 Nf5 29. Qxb6 Nd5 30. Qd8+ Kh7 31. Qd7 a4 32. Qxe6 Qb1+ 33. Nf1 Nb4
34. Qxf5+ 1-0

[Event "European Blitz Championship 2021"]
[Site "Katowice"]
[Date "2021.12.17"]
[Round "6.27"]
[White "Spalir, Jernej"]
[Black "Batashevs, Arsens"]
[Result "1-0"]
[WhiteElo "2368"]
[BlackElo "2091"]
[Annotator "ChessBase"]
[PlyCount "49"]
[EventDate "2021.12.17"]
[EventType "swiss"]
[EventCountry "POL"]
[SourceTitle "playchess.com"]
[Source "ChessBase"]
[SourceQuality "1"]

1. d4 g6 2. Nf3 Bg7 3. c4 c5 4. d5 d6 5. e4 Bg4 6. Be2 Nd7 7. O-O Bxf3 8. Bxf3
Bd4 9. Na3 e5 10. dxe6 fxe6 11. Nb5 Qb6 12. Bg4 Kf7 13. Bf4 Ne5 14. Nxd4 cxd4
15. c5 Qxc5 16. Rc1 Qb6 17. Bxe5 dxe5 18. Qa4 Nf6 19. Bh3 Rac8 20. f4 exf4 21.
e5 Nd5 22. Qd7+ Ne7 23. Rxf4+ Kg8 24. Bxe6+ Kg7 25. Qxe7+ 1-0

[Event "European Blitz Championship 2021"]
[Site "Katowice"]
[Date "2021.12.17"]
[Round "6.28"]
[White "Gerasimenyk, Mikhail"]
[Black "Kossobudzki, Robert"]
[Result "1-0"]
[WhiteElo "2258"]
[BlackElo "1908"]
[Annotator "ChessBase"]
[PlyCount "77"]
[EventDate "2021.12.17"]
[EventType "swiss"]
[EventCountry "POL"]
[SourceTitle "playchess.com"]
[Source "ChessBase"]
[SourceQuality "1"]

1. d4 b5 2. Nf3 Bb7 3. c3 e6 4. Bg5 Nf6 5. Nbd2 Be7 6. e3 a6 7. Bd3 d6 8. Qe2
Nbd7 9. O-O c5 10. Rad1 Qc7 11. e4 e5 12. dxe5 Nxe5 13. Nxe5 dxe5 14. Rfe1 O-O
15. Nf1 h6 16. Bxf6 Bxf6 17. Ne3 Rad8 18. Nd5 Bxd5 19. exd5 c4 20. Bc2 g6 21.
g3 Bg7 22. h4 h5 23. Qe3 f5 24. Rd2 Rd6 25. b3 cxb3 26. Bxb3 Kh7 27. Rc2 f4 28.
Qe4 Qc5 29. Kg2 a5 30. c4 b4 31. Rd2 Qc8 32. Rd3 Rf5 33. Rf3 Bh6 34. Bc2 Qd7
35. Qe2 Rff6 36. Qxe5 a4 37. c5 Rxd5 38. Qxf6 b3 39. Re7+ 1-0

[Event "European Blitz Championship 2021"]
[Site "Katowice"]
[Date "2021.12.17"]
[Round "6.28"]
[White "Szczurek, Krzysztof"]
[Black "Gdanski, Jacek"]
[Result "0-1"]
[WhiteElo "2088"]
[BlackElo "2367"]
[Annotator "ChessBase"]
[PlyCount "86"]
[EventDate "2021.12.17"]
[EventType "swiss"]
[EventCountry "POL"]
[SourceTitle "playchess.com"]
[Source "ChessBase"]
[SourceQuality "1"]

1. e4 e6 2. Nf3 d5 3. d3 Nf6 4. Nbd2 c5 5. g3 Nc6 6. Bg2 g6 7. O-O Bg7 8. c3
O-O 9. Qe2 b5 10. d4 cxd4 11. cxd4 Nxe4 12. Nxe4 dxe4 13. Qxe4 Bb7 14. Be3 Qe7
15. Qd3 Nb4 16. Qd2 Be4 17. Bg5 f6 18. Bh6 Rac8 19. Bxg7 Kxg7 20. a3 Nd5 21.
Rfe1 Bxf3 22. Bxf3 Qd6 23. Qe2 Nc7 24. Rad1 a6 25. Qe3 Rfd8 26. Bg4 Kf7 27. Qh6
Kg8 28. Re3 f5 29. Bf3 Nd5 30. Re2 Nf6 31. Qe3 Re8 32. Qe5 Qd8 33. Bb7 Rb8 34.
Bc6 Nd7 35. Qd6 Nf8 36. Qc5 Re7 37. Rde1 Rc7 38. d5 Rbc8 39. Qd4 Rxc6 40. Re5
Rd6 41. Qa7 Rd7 42. Qe3 Rxd5 43. Rxd5 Qxd5 0-1

[Event "European Blitz Championship 2021"]
[Site "Katowice"]
[Date "2021.12.17"]
[Round "6.29"]
[White "Budrewicz, Krzysztof"]
[Black "Goraj, Barbara"]
[Result "0-1"]
[WhiteElo "2183"]
[BlackElo "1902"]
[Annotator "NA"]
[PlyCount "69"]
[EventDate "2021.12.17"]
[EventType "swiss"]
[EventCountry "POL"]
[SourceTitle "playchess.com"]
[Source "ChessBase"]
[SourceQuality "1"]

1. d4 Nf6 2. c4 g6 3. Nc3 Bg7 4. e4 d6 5. Nf3 O-O 6. Be2 Nbd7 7. h3 e5 8. Be3
exd4 9. Nxd4 Re8 10. Bf3 Ne5 11. Be2 c6 12. O-O Ned7 13. Qc2 Qe7 14. Bf3 Ne5
15. Be2 Ned7 16. Bf3 a6 17. Rfe1 Nc5 18. Bg5 h6 19. Bh4 g5 20. Bg3 h5 21. b4
Nh7 22. bxc5 Bxd4 23. cxd6 Qe6 24. Bxh5 Qxc4 25. Rac1 Nf6 26. Bf3 Be6 27. e5
Nd5 28. Nxd5 cxd5 29. Qd2 Qa4 30. Qxg5+ Kf8 31. Bf4 Qxa2 32. Qf6 Qxf2+ 33. Kh2
Rec8 34. Bh6+ Ke8 35. Qe7# 0-1

[Event "European Blitz Championship 2021"]
[Site "Katowice"]
[Date "2021.12.17"]
[Round "6.30"]
[White "Kos, Pawel"]
[Black "Czarnecka, Lidia"]
[Result "1-0"]
[WhiteElo "2234"]
[BlackElo "1904"]
[Annotator "ChessBase"]
[PlyCount "71"]
[EventDate "2021.12.17"]
[EventType "swiss"]
[EventCountry "POL"]
[SourceTitle "playchess.com"]
[Source "ChessBase"]
[SourceQuality "1"]

1. Nf3 d5 2. d4 Nf6 3. Bf4 c5 4. e3 Nc6 5. c3 Qb6 6. Qc1 Bf5 7. Nbd2 e6 8. h3
h6 9. a3 Be7 10. dxc5 Bxc5 11. b4 Be7 12. c4 O-O 13. c5 Qd8 14. Be2 d4 15. exd4
Nxd4 16. Nxd4 Qxd4 17. Be3 Qd7 18. Nc4 Be4 19. O-O Nd5 20. Bd2 Bf6 21. Ra2 Be7
22. Rd1 Qc7 23. Re1 Rfd8 24. Bh5 Bf5 25. Ne5 Rf8 26. Bf3 Rad8 27. Qc4 Bf6 28.
Ng4 Be7 29. Bxh6 Nf6 30. Bf4 Qc8 31. Nxf6+ Bxf6 32. Qb5 Rd7 33. Rd2 Rfd8 34.
Red1 Bd3 35. Rxd3 e5 36. Rxd7 1-0

[Event "European Blitz Championship 2021"]
[Site "Katowice"]
[Date "2021.12.17"]
[Round "7.1"]
[White "Keinanen, Toivo"]
[Black "Duda, Jan-Krzysztof"]
[Result "0-1"]
[WhiteElo "2358"]
[BlackElo "2756"]
[Annotator "TA"]
[PlyCount "122"]
[EventDate "2021.12.17"]
[EventType "swiss"]
[EventCountry "POL"]
[SourceTitle "playchess.com"]
[Source "ChessBase"]
[SourceQuality "1"]

1. d4 Nf6 2. Nf3 e6 3. g3 b5 4. Bg2 Bb7 5. O-O Be7 6. Bg5 d5 7. Nbd2 Nbd7 8. c3
O-O 9. Qb3 a6 10. a4 c6 11. Ne1 c5 12. axb5 axb5 13. Nef3 Qb6 14. Ne5 Rad8 15.
e3 h6 16. Bxf6 Nxf6 17. Qc2 Rb8 18. b3 Rfc8 19. Qb2 Rc7 20. Rfb1 Rbc8 21. c4
dxc4 22. Bxb7 c3 23. Qxc3 cxd4 24. Qxd4 Qxd4 25. exd4 Rxb7 26. Rc1 Rxc1+ 27.
Rxc1 Bb4 28. Ndf3 Nd5 29. Rc8+ Kh7 30. Nc6 Bc3 31. Kg2 Bb2 32. h3 Rc7 33. Rxc7
Nxc7 34. Nfe5 Kg8 35. Nd3 Bc3 36. Kf3 f6 37. Ke2 Kf7 38. Kd1 g5 39. Kc2 Nd5 40.
Na7 b4 41. Nb5 Ba1 42. Kb1 Bc3 43. Kc2 Ba1 44. Kb1 Nc3+ 45. Nxc3 Bxc3 46. f3
Ke7 47. Kc2 Kd6 48. Nc5 Bxd4 49. Ne4+ Kd5 50. Kd3 f5 51. Nd2 h5 52. Nc4 h4 53.
g4 Bc5 54. Ke2 Kd4 55. Kd2 Be7 56. gxf5 exf5 57. Ne3 Ke5 58. f4+ gxf4 59. Ng2
Ke4 60. Ne1 f3 61. Nd3 Bg5+ 0-1

[Event "European Blitz Championship 2021"]
[Site "Katowice"]
[Date "2021.12.17"]
[Round "7.1"]
[White "Luberanski, Jakub"]
[Black "Druckenthaner, Andreas"]
[Result "1-0"]
[WhiteElo "2072"]
[BlackElo "2346"]
[Annotator "NA"]
[PlyCount "93"]
[EventDate "2021.12.17"]
[EventType "swiss"]
[EventCountry "POL"]
[SourceTitle "playchess.com"]
[Source "ChessBase"]
[SourceQuality "1"]

1. d4 f5 2. c4 Nf6 3. Nf3 d6 4. g3 e6 5. Bg2 g6 6. O-O Bg7 7. Nc3 O-O 8. Qd3
Nc6 9. e4 e5 10. dxe5 dxe5 11. Qxd8 Rxd8 12. Bg5 Be6 13. Nd5 Bxd5 14. exd5 Nd4
15. Nxe5 h6 16. Bxf6 Bxf6 17. Nxg6 Ne2+ 18. Kh1 Bxb2 19. Rab1 Bd4 20. Ne7+ Kh7
21. Nxf5 Bb6 22. Rbe1 Re8 23. d6 c6 24. Ne7 Nc3 25. Re6 Rad8 26. Rc1 Nxa2 27.
Be4+ Kg7 28. Nf5+ Kf7 29. Rxe8 Rxe8 30. Re1 Ba5 31. Nxh6+ Kf6 32. Ng4+ Kg5 33.
h4+ Kxg4 34. Bf3+ Kxf3 35. Rxe8 b5 36. cxb5 cxb5 37. d7 b4 38. d8=Q Bxd8 39.
Rxd8 a5 40. Rb8 a4 41. h5 a3 42. h6 Nc3 43. h7 a2 44. Ra8 b3 45. h8=Q b2 46.
Qxc3+ Kxf2 47. Rf8+ 1-0

[Event "European Blitz Championship 2021"]
[Site "Katowice"]
[Date "2021.12.17"]
[Round "7.2"]
[White "Kosakowski, Jakub"]
[Black "Stefansson, Hannes"]
[Result "0-1"]
[WhiteElo "2340"]
[BlackElo "2519"]
[Annotator "RC"]
[PlyCount "132"]
[EventDate "2021.12.17"]
[EventType "swiss"]
[EventCountry "POL"]
[SourceTitle "playchess.com"]
[Source "ChessBase"]
[SourceQuality "1"]

1. e4 e5 2. Nf3 Nc6 3. Bb5 a6 4. Ba4 Nf6 5. O-O Nxe4 6. d4 b5 7. Bb3 d5 8. dxe5
Be6 9. c3 Be7 10. Nbd2 Nc5 11. Bc2 d4 12. Nb3 d3 13. Bb1 Nxb3 14. axb3 Bf5 15.
Re1 O-O 16. h3 Qd7 17. Bf4 Rfd8 18. b4 a5 19. bxa5 Rxa5 20. Rxa5 Nxa5 21. Nd4
Nc4 22. b3 Nb6 23. e6 fxe6 24. Bxd3 c5 25. Nxf5 exf5 26. Qe2 Nd5 27. Bxb5 Nxf4
28. Qc4+ Qd5 29. Rxe7 Kf8 30. Qxd5 Nxd5 31. Re5 g6 32. c4 Nf4 33. Rxc5 Rd1+ 34.
Kh2 Rd2 35. Kg3 Ne2+ 36. Kf3 Nc3 37. Rc8+ Ke7 38. Rc7+ Kf6 39. g3 Nd1 40. g4
Rxf2+ 41. Kg3 f4+ 42. Kh4 Ne3 43. Rc6+ Ke5 44. Kg5 f3 45. Rc8 Rh2 46. c5 Rc2
47. c6 f2 48. Re8+ Kd4 49. Kf4 f1=Q+ 50. Bxf1 Nxf1 51. Re4+ Kd5 52. Re7 h6 53.
Kf3 Rxc6 54. Kf2 Rf6+ 55. Ke2 Ng3+ 56. Kd2 Ne4+ 57. Ke3 Nd6 58. Rh7 g5 59. Rc7
Re6+ 60. Kd3 Ne4 61. b4 Nf2+ 62. Kd2 Nxh3 63. b5 Nf4 64. Rc8 Rb6 65. Rh8 Rxb5
66. Rxh6 Ke4 0-1

[Event "European Blitz Championship 2021"]
[Site "Katowice"]
[Date "2021.12.17"]
[Round "7.2"]
[White "Kowalski, Igor"]
[Black "Sanz Wawer, Daniel"]
[Result "1-0"]
[WhiteElo "2276"]
[BlackElo "2102"]
[Annotator "NA"]
[PlyCount "56"]
[EventDate "2021.12.17"]
[EventType "swiss"]
[EventCountry "POL"]
[SourceTitle "playchess.com"]
[Source "ChessBase"]
[SourceQuality "1"]

1. d4 Nf6 2. Nf3 e6 3. c4 b6 4. g3 Ba6 5. b3 Bb4+ 6. Bd2 Be7 7. Bg2 d5 8. O-O
O-O 9. Nc3 Bb7 10. Ne5 Nbd7 11. cxd5 exd5 12. Rc1 Re8 13. Bf4 c6 14. Qc2 Nxe5
15. Bxe5 Nd7 16. Bf4 Bf6 17. Rfd1 Nf8 18. e4 Ne6 19. Be3 dxe4 20. Bxe4 g6 21.
d5 cxd5 22. Nxd5 Rc8 23. Qd3 Rxc1 24. Rxc1 Bxd5 25. Bxd5 Bg7 26. Rd1 Qc7 27.
Bxe6 fxe6 28. Qd7 Re7 1-0

[Event "European Blitz Championship 2021"]
[Site "Katowice"]
[Date "2021.12.17"]
[Round "7.3"]
[White "Demchenko, Anton"]
[Black "Gumularz, Szymon"]
[Result "0-1"]
[WhiteElo "2655"]
[BlackElo "2533"]
[Annotator "RC"]
[PlyCount "110"]
[EventDate "2021.12.17"]
[EventType "swiss"]
[EventCountry "POL"]
[SourceTitle "playchess.com"]
[Source "ChessBase"]
[SourceQuality "1"]

1. e4 d6 2. d4 Nf6 3. Nc3 e5 4. Nf3 Nbd7 5. Bc4 Be7 6. O-O O-O 7. a4 c6 8. Re1
h6 9. h3 Re8 10. Be3 exd4 11. Bxd4 Nf8 12. a5 Be6 13. Bf1 Ng6 14. Nd2 d5 15.
exd5 Nxd5 16. Nde4 Nxc3 17. Bxc3 Qc7 18. Qd4 Bf8 19. Rad1 Red8 20. Qe3 Rxd1 21.
Rxd1 Bd5 22. Ng3 Qf4 23. Bd4 Qxe3 24. Bxe3 a6 25. Nf5 Be6 26. Nd4 Bd7 27. Nb3
Be6 28. Nc5 Bxc5 29. Bxc5 Re8 30. f3 Ne5 31. b3 f6 32. Kf2 Kf7 33. Be2 Bf5 34.
Rd2 g5 35. Be3 Ke7 36. f4 Ng6 37. Bc5+ Kf7 38. fxg5 hxg5 39. Bc4+ Kg7 40. Bd6
Ne5 41. Be2 Rd8 42. Ke1 Kf7 43. Bc5 Rxd2 44. Kxd2 Be4 45. Bf1 f5 46. Bd6 Ke6
47. Bc7 f4 48. Bd8 Kf5 49. Bc7 Ng6 50. g3 fxg3 51. Bxg3 Nf4 52. h4 Nh5 53. Bf2
g4 54. c4 Kf4 55. Bg1 g3 0-1

[Event "European Blitz Championship 2021"]
[Site "Katowice"]
[Date "2021.12.17"]
[Round "7.3"]
[White "Lupik, Marina"]
[Black "Wieczorek, Oskar"]
[Result "0-1"]
[WhiteElo "2001"]
[BlackElo "2258"]
[Annotator "NA"]
[PlyCount "73"]
[EventDate "2021.12.17"]
[EventType "swiss"]
[EventCountry "POL"]
[SourceTitle "playchess.com"]
[Source "ChessBase"]
[SourceQuality "1"]

1. e4 c5 2. c3 d6 3. d4 Nf6 4. Bd3 e5 5. Ne2 Be7 6. O-O O-O 7. f4 cxd4 8. cxd4
Nc6 9. d5 Nb4 10. fxe5 dxe5 11. Kh1 Nxd3 12. Qxd3 Ne8 13. Ng3 Nd6 14. Nc3 Bd7
15. Bd2 Rc8 16. Be3 b5 17. Bxa7 b4 18. Nce2 Bb5 19. Qe3 Bg5 20. Qb3 Qa5 21. Bf2
Nc4 22. Be1 Ne3 23. Rf3 Nc2 24. Rb1 Nxe1 25. Rxe1 Bc4 26. Qd1 Qxa2 27. Rf5 Bf4
28. Nxf4 exf4 29. Rxf4 Qxb2 30. d6 b3 31. Nf5 Rcd8 32. Ne7+ Kh8 33. Nc6 Rd7 34.
Rf5 Be6 35. Rb5 Qc3 36. Ne5 Rxd6 37. Rb7 0-1

[Event "European Blitz Championship 2021"]
[Site "Katowice"]
[Date "2021.12.17"]
[Round "7.4"]
[White "Brodowski, Piotr"]
[Black "Janik, Igor"]
[Result "0-1"]
[WhiteElo "2335"]
[BlackElo "2508"]
[Annotator "ChessBase"]
[PlyCount "80"]
[EventDate "2021.12.17"]
[EventType "swiss"]
[EventCountry "POL"]
[SourceTitle "playchess.com"]
[Source "ChessBase"]
[SourceQuality "1"]

1. c4 e6 2. Nf3 d5 3. e3 Nf6 4. b3 Be7 5. Bb2 O-O 6. Qc2 a5 7. a3 b6 8. Be2 Bb7
9. g4 a4 10. g5 axb3 11. Qc3 d4 12. Qxb3 Ne4 13. Bxd4 Nxg5 14. Rg1 Bxf3 15.
Bxg7 Bxe2 16. Bxf8 Kxf8 17. Kxe2 Ra5 18. d4 Rf5 19. Nd2 Bd6 20. Rg2 Qf6 21. e4
Nc6 22. Qa4 Nxd4+ 23. Kf1 Ra5 24. Qd7 Qe7 25. Qc8+ Qe8 26. Qxe8+ Kxe8 27. h4
Ngf3 28. Nxf3 Nxf3 29. Rg7 Nxh4 30. Rxh7 Ng6 31. Rh3 Ne5 32. Rc1 Rxa3 33. Rh8+
Ke7 34. Rd1 Nd3 35. Rh3 Nf4 36. Rh4 Ng6 37. Rh7 Rc3 38. Ra1 Rxc4 39. Ra8 Rxe4
40. Rg8 Ne5 0-1

[Event "European Blitz Championship 2021"]
[Site "Katowice"]
[Date "2021.12.17"]
[Round "7.4"]
[White "Gerasimenyk, Mikhail"]
[Black "Semjonovs, Ilja"]
[Result "0-1"]
[WhiteElo "2258"]
[BlackElo "2095"]
[Annotator "NA"]
[PlyCount "76"]
[EventDate "2021.12.17"]
[EventType "swiss"]
[EventCountry "POL"]
[SourceTitle "playchess.com"]
[Source "ChessBase"]
[SourceQuality "1"]

1. d4 Nf6 2. Nf3 c5 3. c3 e6 4. Bg5 h6 5. Bf4 b6 6. Nbd2 Bb7 7. e3 Be7 8. Bd3
O-O 9. g4 cxd4 10. cxd4 Nd5 11. Bxb8 Rxb8 12. h4 Nb4 13. Bb1 Ba6 14. g5 Nd3+
15. Bxd3 Bxd3 16. gxh6 gxh6 17. Ne5 Bg6 18. h5 Bh7 19. Qg4+ Kh8 20. Qf4 Bf6 21.
Qxh6 Bg5 22. Qxf8+ Qxf8 23. Nxd7 Qd8 24. Nxb8 Qxb8 25. Rg1 Bf6 26. Rc1 Qd8 27.
Ke2 Bf5 28. e4 Bh7 29. e5 Bg5 30. Rc4 Bxd2 31. Kxd2 Bf5 32. Ke3 Qd5 33. Rc8+
Kh7 34. f3 Qxa2 35. h6 Qb3+ 36. Kf4 Qxb2 37. Rg7+ Kxh6 38. Rcg8 Qxd4+ 0-1